|
|
|
|
| LEADER |
00000nam a2200000 a 4500 |
| 001 |
vtls001155478 |
| 003 |
SK-MaSNL |
| 005 |
20260301112012.0 |
| 008 |
251124suuuu xx 0 lat |
| 035 |
|
|
|a SNK000098373
|
| 040 |
|
|
|a SNK
|b slo
|c SNK
|e AACR2
|
| 041 |
0 |
|
|a lat
|
| 044 |
|
|
|a xx
|
| 100 |
0 |
|
|a Josephus Flavius,
|d asi 37-asi 100
|4 aut
|9 128523
|
| 245 |
1 |
0 |
|a Flavii Josephi Hebraei Scriptoris Antiquissimi De Bello Judaico, Ac Expugnata Ber Titum Caesarem Hierosolyma ...
|c Josephus Flavius ; Rufinus Aquilejensis
|
| 260 |
|
|
|e Tyrnaviae
|f Typis Academicis Societatis Jesu
|g [1755]
|
| 300 |
|
|
|a 573, [1] s.
|c 4°
|
| 500 |
|
|
|a Prov.: Ex Libris MArtini Francisci Gyurkovich. Prív. 1.: Positiones Ex Universa Philosophia,...Sub Praesidio...Pauli Poczik,...Agriae Typis Lycei Archi-Episcopalis. 1808. 8°. [=41 list.]
|
| 700 |
0 |
|
|a Rufinus Aquileiensis,
|d 345-410
|4 aut
|9 52396
|
| 958 |
|
|
|a RK
|
| 999 |
|
|
|c 709109
|d 711039
|
| 952 |
|
|
|a SNK
|b SNK
|y PREZ
|7 0
|p 17A1022697
|o snkSD 1244 D1
|i snkKSF 1581/56
|8 5
|0 0
|1 0
|4 0
|d 2013-08-20
|l 0
|r 2026-02-23 21:26:35
|w 2026-02-23
|